| 000 | 00441cam a22001457a 4500 | ||
|---|---|---|---|
| 008 | 180718b1948 xxu||||| |||| 00| 0 eng d | ||
| 082 | _aA99 W381p | ||
| 100 | _aWebb, Beatrice | ||
| 245 |
_aOur partnership _cby Beatrice Webb; edited by Barbara Drake and Margaret I. Cole |
||
| 260 |
_aLondon _bLongmans _c1948 |
||
| 300 | _axiii, 543p | ||
| 650 | _aWebb, Sidney, 1859-1947. | ||
| 700 | _aCole, Margaret I. ed | ||
| 700 | _aDrake, Barbara, ed | ||
| 999 |
_c416144 _d416144 |
||